| 000 | 00310nam a2200097Ia 4500 | ||
|---|---|---|---|
| 008 | 220120s9999||||xx |||||||||||||| ||und|| | ||
| 100 |
_aMohd Ejaz Shihabuddeen _912050 |
||
| 245 | 0 | _aUnidentified flying objects | |
| 260 |
_aCoorg Institute of Technology _bPonnampet _c2005 |
||
| 650 | _aELECTRONICS AND COMMUNICATIONS | ||
| 999 |
_c137634 _d137634 |
||